000
00328nam a2200133Ia 4500
005
20251222140040.0
008
251222s1900||||xx |||||||||||||| ||spa||
020
_a
84-85803-66-3
082
_a
250.88/M26
100
_a
"Martínez Puche, José A.,ed."
245
0
_a
Encíclicas de Juan Pablo II
250
_a
7a.ed.
942
_c
LIB
999
_c
3245
_d
3245